000 00593cam a22002053a 4500
001 45743
003 PGUSA
005 20140828084048.0
008 140524s2014||||xxu|||||s|||||000 | eng d
040 _aPGUSA
_beng
042 _adc
100 1 _aRichards, Laura Elizabeth Howe,
_d1850-1943
245 1 0 _aJoan of Arc
_h[electronic resource] /
_cLaura Elizabeth Howe Richards
260 _bProject Gutenberg,
_c2014
506 _aPublic domain in the USA.
516 _aElectronic text
830 0 _aProject Gutenberg
_v45743
856 4 0 _uhttp://www.gutenberg.org/ebooks/45743
942 _cEB
999 _c274993
_d274993